|
|
|
|
| LEADER |
00000nam0a2200000 4500 |
| 001 |
131893 |
| 005 |
20231031134636.0 |
| 010 |
|
|
|a 5201053068
|
| 035 |
|
|
|a (RuTPU)RU\TPU\book\142828
|
| 090 |
|
|
|a 131893
|
| 100 |
|
|
|a 20080225d1991 k y0rusy50 ca
|
| 101 |
0 |
|
|a rus
|
| 102 |
|
|
|a RU
|
| 105 |
|
|
|a y z 000zy
|
| 200 |
1 |
|
|a Центральная Америка и Карибы: начало 90-х годов
|f Академия наук СССР (АН СССР), Институт Латинской Америки (ИЛА); под ред. А. Д. Бекаревича
|
| 210 |
|
|
|a Москва
|c ИЛА АН СССР
|d 1991
|
| 215 |
|
|
|a 192 с.
|
| 610 |
1 |
|
|a Центральная Америка
|
| 610 |
1 |
|
|a Карибы
|
| 610 |
1 |
|
|a 20 век
|
| 610 |
1 |
|
|a Мексика
|
| 610 |
1 |
|
|a США
|
| 610 |
1 |
|
|a кризис
|
| 610 |
1 |
|
|a туризм
|
| 610 |
1 |
|
|a иностранный капитал
|
| 610 |
1 |
|
|a Гватемала
|
| 610 |
1 |
|
|a Панама
|
| 610 |
1 |
|
|a социально-политическое развитие
|
| 686 |
|
|
|a Ф2(7)
|v LBC/SL-A
|2 rubbk
|
| 686 |
|
|
|a У9(7)
|v LBC/SL-A
|2 rubbk
|
| 702 |
|
1 |
|a Бекаревич
|b А. Д.
|4 340
|
| 712 |
0 |
2 |
|a Академия наук СССР (АН СССР)
|b Институт Латинской Америки (ИЛА)
|2 stltpush
|3 (RuTPU)RU\TPU\col\13663
|
| 801 |
|
1 |
|a RU
|b 63413507
|c 20080225
|g PSBO
|
| 801 |
|
2 |
|a RU
|b 63413507
|c 20130919
|g PSBO
|
| 942 |
|
|
|c BK
|